Cargando...

That once was me /

Detalles Bibliográficos
Otros Autores: Pepper, Dennis Ed
Formato: Printed Book
Lenguaje:English
Publicado: Penguin, 1973.
LEADER 00306nam a2200097Ia 4500
008 121027s9999 xx 000 0 eng d
245 |a That once was me / 
260 |b Penguin,  |c 1973. 
700 |a Pepper, Dennis Ed 
999 |c 66116  |d 66116 
952 |0 0  |1 0  |4 0  |7 0  |9 66093  |a UL  |b UL  |c ST1  |d 2012-10-27  |l 0  |p G4966  |r 2012-10-27  |w 2012-10-27  |y BK